Statistiques concernant CSGO Top 20 HLTV 2015

Cliquez ici pour prendre le quiz!

Statistiques générales

  • Ce quiz a été pris 11 fois
  • Le résultat moyen est 15 sur 20

Statistiques - réponses

Top #CountryPlayer% Correct
3Denmarkdev1ce
100%
2SlovakiaGuardian
100%
6FrancekennyS
100%
9FranceNBK
100%
1Swedenolofmeister
100%
13Franceshox
100%
4PolandSnax
100%
18FranceapEX
89%
5Swedenflusha
89%
8FranceHappy
89%
10SwedenJW
89%
17PolandNEO
89%
16Swedenf0rest
78%
11SwedenGeT_RiGhT
78%
12Denmarkdupreeh
67%
19Finlandallu
56%
7SwedenKRIMZ
56%
14Russiaflamie
22%
15Denmarkcajunb
11%
20USASkadoodle
11%

Distribution des résultats

Percentile par nombre de réponses

% des personnes avec chaque résultat

Votre développement - résultats

Vous n’avez pas pris ce quiz